Bildausschnitte von Tieren - Statistiken

Allgemein
  • Dieses Quiz wurde 76 mal gespielt
  • Das Durchschnittsergebnis liegt bei 10 aus 20
Antwortstatistiken
Bildquiz Antwort % Korrekt
Giraffe
92%
Löwe
91%
Elefant
89%
Krokodil
89%
Schildkröte
79%
Fuchs
73%
Buckelwal
62%
Ziege
58%
Seestern
55%
Flamingo
52%
Pavian
50%
Eichhörnchen
39%
Schnecke
36%
Papagei
35%
Vogelstrauß
33%
Seehund
29%
Weißer Tiger
29%
Mandrill
20%
Rotkehlchen
18%
Rentier
17%
Keine übereinstimmenden Quizze gefunden
Verteilung der Resultate
Anzahl Personen mit jedem Resultat
Perzentil nach korrekt beantworteten Fragen
Ihre Resultats-Entwicklung
Sie haben dieses Quiz noch nicht gespielt